Tilastot visalle Ruotsi-visa

Klikkaa tästä pelataksesi tätä visaa!

Yleistilastot

  • Tätä visaa on pelattu 2 008 kertaa
  • Keskiarvotulos 14 / 21

Vastaustilastot

VihjeVastaus% Oikein
PääkaupunkiTukholma
100%
ValuuttaKruunu
98%
Valtava huonekalujen vähittäiskauppaIKEA
94%
Ruotsin kaikkien aikojen menestynein yhtyeABBA
91%
Kansainvälinen palkinto, joka annetaan fysiikasta,
kirjallisuudesta, lääketieteestä jne.
{Nobel}-palkinto
88%
"Ruotsi" ruotsiksiSverige
88%
Merkittäviä automerkkejäVolvo
86%
Ruotsin ja Suomen välissä sijaitseva lahti{Pohjan}lahti
81%
Suuri kaupunki erittäin lähellä TanskaaMalmö
78%
Toiseksi suurin kaupunkiGöteborg
77%
Henkilö, jota juhlitaan 13. joulukuutaPyhä {Lucia}
71%
Niemimaa, jossa Ruotsi sijaitseeSkandinavia
64%
Merkittäviä automerkkejäSaab
63%
Kalalaji, joka on usein säilötty liemeenSilli
60%
Ruotsin kirkko on osa tätä protestanttista haaraaLuterilainen
56%
Suurin saariGotlanti
55%
Vaaleatukkainen tennispelaaja,
joka voitti Wimbledonin 5 kertaa peräkkäin
Björn Borg
52%
Tunnetuin votkamerkkiAbsolut
47%
Silta, joka yhdistää yllä olevan Kööpenhaminaan{Juutinrauman} silta
41%
Ingrid-nimisen näyttelijän sekä Ingmar-nimisen
ohjaajan sukunimi (ei yhteyttä)
Bergman
35%
Kirjasarja, jossa esiintyy Lisbeth SalanderMillennium
19%

Tulosjakauma

Persentiili vastausten määrän mukaan

Jokaisen tuloksen saaneiden osuus

Tuloshistoriasi

Et ole pelannut tätä visaa